000 002620000a22000970004500
100 1 _aWilliams, David T.
245 1 0 _aChristianity and the New South Africa : Some impressions
300 _aVol. 14, Núm 3 (1996), Páginas 80-87
773 0 _tEvangel
942 _cANA
999 _c54177
_d54177